[Event "NZL-ch Rapid 131st"]
[Site "Palmerston North"]
[Date "2024.01.11"]
[Round "4.8"]
[White "Zhu, David Junyang"]
[Black "Van der Hoorn, Thomas"]
[Result "1/2-1/2"]
[WhiteElo "1721"]
[BlackElo "1882"]
[PlyCount "101"]
[EventDate "2024.01.11"]
[EventType "swiss (rapid)"]
[EventRounds "9"]
[EventCountry "NZL"]
[SourceTitle "CB03_2024"]
[SourceDate "2024.01.17"]
[SourceVersion "1"]
[SourceVersionDate "2024.01.17"]
[SourceQuality "1"]

1. e4 c5 2. Nf3 Nc6 3. d4 cxd4 4. Nxd4 e5 5. Nb5 d6 6. N1c3 a6 7. Na3 Be7 8. Be2 Nf6 9. Bg5 Be6 10. Bxf6 Bxf6 11. Nd5 Bxd5 12. exd5 Ne7 13. c3 0-0 14. 0-0 b5 15. Nc2 Bg5 16. a4 Rb8 17. axb5 axb5 18. Nb4 Qd7 19. Ra6 Rfc8 20. Qd3 Rc5 21. Rfa1 g6 22. Ra7 Rb7 23. Rxb7 Qxb7 24. Ra5 Nxd5 25. Nxd5 Qxd5 26. Qxd5 Rxd5 27. Rxb5 Rd2 28. Bf3 e4 29. Rxg5 exf3 30. gxf3 Rxb2 31. Rd5 Rc2 32. Rxd6 Rxc3 33. Kg2 Kg7 34. Kg3 Rc4 35. f4 h5 36. Rb6 Rc3+ 37. f3 Rc1 38. Rd6 Rg1+ 39. Kf2 Rh1 40. Kg2 Rb1 41. Kg3 Rb2 42. h4 Rb5 43. Rc6 Rb8 44. f5 gxf5 45. Kf4 Rb5 46. Kg5 f4+ 47. Kxf4 f6 48. Rc4 Kg6 49. Re4 Rf5+ 50. Kg3 Rb5 51. Rf4 1/2-1/2

[Event "NZL-ch rapid op 130th"]
[Site "Wellington"]
[Date "2023.01.05"]
[Round "7"]
[White "Carpinter, Anthony Lawrence"]
[Black "Van der Hoorn, Thomas"]
[Result "0-1"]
[WhiteElo "2144"]
[BlackElo "1898"]
[PlyCount "54"]
[EventDate "2023.01.04"]
[EventType "swiss (rapid)"]
[EventRounds "9"]
[EventCountry "NZL"]
[SourceTitle "CBM 212 Extra"]
[Source "ChessBase"]
[SourceDate "2023.03.31"]
[SourceVersion "1"]
[SourceVersionDate "2023.03.31"]
[SourceQuality "1"]

1. Nf3 d5 2. e3 Nf6 3. b3 e6 4. Bb2 Be7 5. c4 0-0 6. Be2 b6 7. 0-0 Bb7 8. cxd5 Nxd5 9. Nc3 Bf6 10. Rc1 Nd7 11. Qc2 c5 12. Rfd1 Qe7 13. a3 Rac8 14. Qb1 Rfd8 15. Nxd5 Bxd5 16. b4 cxb4 17. Bxf6 Nxf6 18. axb4 a5 19. bxa5 bxa5 20. Qb5 Qa7 21. Ra1 Ra8 22. Qa4 Ne4 23. Rdc1 Nc5 24. Qa3 Nb3 25. Rcb1 Nxa1 26. Rxa1 Rdb8 27. Bd3 Rb3 0-1

[Event "NZL-ch op-A 130th"]
[Site "Wellington"]
[Date "2023.01.04"]
[Round "3"]
[White "Rains, Edward"]
[Black "Van der Hoorn, Thomas"]
[Result "1-0"]
[WhiteElo "1977"]
[BlackElo "1898"]
[PlyCount "63"]
[EventDate "2023.01.02"]
[EventType "swiss"]
[EventRounds "9"]
[EventCountry "NZL"]
[SourceTitle "CBM 212 Extra"]
[Source "ChessBase"]
[SourceDate "2023.03.31"]
[SourceVersion "1"]
[SourceVersionDate "2023.03.31"]
[SourceQuality "1"]

1. e4 c6 2. d3 d5 3. Nf3 Bg4 4. h3 Bh5 5. Qe2 e6 6. Nbd2 Nf6 7. g4 Bg6 8. Bg2 Be7 9. Ne5 Nfd7 10. Nxg6 hxg6 11. Nf3 Qc7 12. Bd2 Bf6 13. c3 dxe4 14. Qxe4 Nc5 15. Qe3 Nbd7 16. d4 Na4 17. g5 Be7 18. b3 Nab6 19. c4 0-0-0 20. 0-0 Rhe8 21. Qe4 c5 22. Bf4 Bd6 23. Bxd6 Qxd6 24. Ne5 Qc7 25. Nxf7 Nf6 26. Qxg6 Rd7 27. Ne5 cxd4 28. gxf6 Rdd8 29. Qxg7 Qxg7 30. fxg7 Rg8 31. Rad1 Rxg7 32. Rd3 1-0

[Event "Wellington op"]
[Site "Wellington"]
[Date "2022.04.17"]
[Round "5"]
[White "Van der Hoorn, Thomas"]
[Black "Winter, Ryan"]
[Result "1/2-1/2"]
[WhiteElo "1783"]
[BlackElo "2001"]
[PlyCount "102"]
[EventDate "2022.04.15"]
[EventType "swiss"]
[EventRounds "6"]
[EventCountry "NZL"]
[SourceTitle "EXT 2024"]
[Source "ChessBase"]
[SourceDate "2023.10.10"]
[SourceVersion "1"]
[SourceVersionDate "2023.10.10"]
[SourceQuality "1"]

1. e4 c5 2. Nf3 Nc6 3. d4 cxd4 4. Nxd4 Qc7 5. c4 Nf6 6. Nc3 Nxe4 7. Nxe4 Qe5 8. Nf3 Qxe4+ 9. Be3 Ne5 10. Ng5 Qf5 11. Be2 h6 12. Nf3 Nxf3+ 13. Bxf3 Qa5+ 14. Kf1 Qc7 15. Rc1 e6 16. h4 Be7 17. Rh3 d6 18. Qb3 0-0 19. Rg3 Bxh4 20. Rg4 Bg5 21. Bxg5 hxg5 22. Rxg5 Qe7 23. Rh5 g6 24. Rh2 e5 25. Qe3 Qf6 26. Qh6 Qg7 27. Rd1 Qxh6 28. Rxh6 Be6 29. b3 Kg7 30. Rh1 Rab8 31. Rxd6 Rfc8 32. a4 Kf6 33. Ke2 Ke7 34. Rhd1 b6 35. R6d2 Rd8 36. Bd5 Rd6 37. Bxe6 Rxd2+ 38. Kxd2 Kxe6 39. Rh1 Rd8+ 40. Kc3 Rd7 41. b4 Rd4 42. a5 bxa5 43. bxa5 Kd6 44. Rb1 Kc6 45. Rb5 Rf4 46. Rxe5 Rxf2 47. Re7 Rxg2 48. Rxf7 a6 49. Ra7 Kc5 50. Rc7+ Kd6 51. Ra7 Kc5 1/2-1/2

[Event "NZL-ch op 129th"]
[Site "Christchurch"]
[Date "2022.01.09"]
[Round "8"]
[White "McNabb, Matthew David"]
[Black "Van der Hoorn, Thomas"]
[Result "1-0"]
[WhiteElo "2029"]
[BlackElo "1685"]
[PlyCount "81"]
[EventDate "2022.01.02"]
[EventType "swiss"]
[EventRounds "9"]
[EventCountry "NZL"]
[SourceTitle "EXT 2023"]
[Source "ChessBase"]
[SourceDate "2022.10.05"]
[SourceVersion "1"]
[SourceVersionDate "2022.10.05"]
[SourceQuality "1"]

1. Nf3 d5 2. c4 e6 3. e3 Nf6 4. Nc3 Be7 5. Qc2 0-0 6. b3 b6 7. Bb2 Bb7 8. Be2 c5 9. cxd5 Nxd5 10. Rd1 Nc6 11. 0-0 Rc8 12. Qb1 Bf6 13. Bd3 g6 14. Ne4 Bg7 15. Qa1 Bxb2 16. Qxb2 f5 17. Neg5 Qf6 18. Qxf6 Rxf6 19. Bc4 Nce7 20. Ne5 Rd8 21. f4 h6 22. Ngf3 Kg7 23. a4 a6 24. Be2 Rff8 25. Nc4 Nc6 26. Nfe5 Nxe5 27. fxe5 a5 28. Bf3 Ba6 29. Rc1 Nb4 30. Rfd1 Bxc4 31. bxc4 Nd3 32. Rb1 Rb8 33. Rb5 Nxe5 34. Be2 Rfd8 35. d4 cxd4 36. Rxe5 Kf6 37. exd4 Rxd4 38. Rxe6+ Kxe6 39. Rxd4 g5 40. Rd5 g4 41. Rb5 1-0

[Event "NZL-ch op 129th"]
[Site "Christchurch"]
[Date "2022.01.05"]
[Round "4"]
[White "Cummings, Nick"]
[Black "Van der Hoorn, Thomas"]
[Result "1/2-1/2"]
[WhiteElo "2026"]
[BlackElo "1685"]
[PlyCount "24"]
[EventDate "2022.01.02"]
[EventType "swiss"]
[EventRounds "9"]
[EventCountry "NZL"]
[SourceTitle "EXT 2023"]
[Source "ChessBase"]
[SourceDate "2022.10.05"]
[SourceVersion "1"]
[SourceVersionDate "2022.10.05"]
[SourceQuality "1"]

1. Nf3 d5 2. c4 d4 3. b4 f6 4. e3 e5 5. c5 a5 6. Bc4 a4 7. Nxe5 Nh6 8. Bb2 dxe3 9. fxe3 fxe5 10. Qh5+ Kd7 11. Qh3+ Ke8 12. Qh5+ Kd7 1/2-1/2

[Event "North Island-ch"]
[Site "Wellington"]
[Date "2021.04.02"]
[Round "2"]
[White "Van der Hoorn, Thomas"]
[Black "Winter, Ryan"]
[Result "0-1"]
[WhiteElo "1671"]
[BlackElo "1965"]
[PlyCount "52"]
[EventDate "2021.04.02"]
[EventType "swiss"]
[EventRounds "8"]
[EventCountry "NZL"]
[SourceTitle "EXT 2024"]
[Source "ChessBase"]
[SourceDate "2023.10.10"]
[SourceVersion "1"]
[SourceVersionDate "2023.10.10"]
[SourceQuality "1"]

1. e4 c5 2. Nf3 Nc6 3. d4 cxd4 4. Nxd4 Nf6 5. Nc3 d6 6. Bc4 e6 7. Be3 Be7 8. 0-0 a6 9. f4 Qc7 10. Bb3 Na5 11. f5 Nxb3 12. Nxb3 b5 13. fxe6 fxe6 14. Qf3 Rb8 15. Qg3 0-0 16. a3 Kh8 17. Rad1 a5 18. Nd4 Bd7 19. a4 bxa4 20. Ra1 Rxb2 21. Nxa4 Rbb8 22. Nc5 Qc8 23. Nxd7 Qxd7 24. Rxa5 Nxe4 25. Rxf8+ Rxf8 26. Nf3 Nxg3 0-1